[Event "BCC Championship"]
[Site "BCC"]
[Date "2016.04.21"]
[Round "3"]
[White "Harrison Harrison"]
[Black "Michael Tausz"]
[Result "0-1"]
[WhiteElo "1706"]
[BlackElo "1433"]

1.b4 {MT: I thought that's a "Harrison", but the microbase here says it is
called "Polish Opening".} e5 2.a3 d5 3.Bb2 Bd6 4.g3 Nf6 5.Bg2 O-O 6.Nf3 Re8
7.O-O e4 {MT: I thought the black centre pawns are pretty strong, so get them
moving.} 8.Ne1 Nc6 9.f4 Bg4 10.Nc3 Qd7 {MT: Black had the plan to exchange the
Bg2, but maybe that was not best. With more space one should not exchange
handy pieces?} 11.Rf2 Bh3 12.Bxh3 {MT: Not even necessary. White could save
time and leave Black to do the exchanging.} Qxh3 13.Rg2 {MT: This rook proves
a strong defence.} e3?! {MT: The pawns may be strong, but sacrificing one of
them is too early. I thought the rook on e3 must threaten something, but White
is well defended.} 14.dxe3 Rxe3 15.Nxd5 Nxd5 16.Qxd5 Rae8 17.Qg5 {MT: The Bb2
shows its strength, not for the last time in this game. White put it there on
move 3, probably planned already on move 1!} Bf8 18.Qb5 {MT: Black is already
on the backfoot.} R8e6 19.Nf3 Qg4 20.Rf1 b6 21.Rff2 Rd6 22.Rf1 Qd7 {MT: Black
is a pawn down and narrow missed losing another one, and there is no attack to
speak of.} 23.Qh5!? {MT: Maybe too much?} Rd5 24.Ng5?! {MT: Ne5 was necessary
(I think). This loses at lest something.} (24.Ne5) 24...h6 25.h4 g6 26.Ne4!
{MT: Sets a trap.} Rxe4! (26...gxh5 27.Nf6+ Kh8 {MT: On 27...Kg8 there is a
repeat, winning the rook, too.} 28.Nxd7+ Bg7 29.Bxg7+ Kxg7 30.Ne5 Nxe5 31.fxe5
Rdxe5 32.Re1 {MT: And all Black has is one pawn.}) 27.Qf3 Re8?! {MT: Seems to
get Black in trouble right away again.} 28.Qc3 {MT: Here is the weak diagonal
again. Threatens Qh8#!} Nd4 {MT: I sure got lucky to have this, but it is the
only move that avoids giving back the knight.} 29.Rff2 Bg7! {MT: This wins
something, as the knight threatens discovered attacks.} 30.Kh1 {MT: After the
game HH thought Kh2 was better, as Nf3(+) does not work because of Qxf3!} Nf5
31.Qb3 {MT: Needs to keep Bb2 protected.} Re3 32.c3 {MT: I sure was happy to
see this diagonal closed!} (32.Qa2 Bxb2 33.Qxb2 Rxg3) 32...Nxg3+ 33.Kh2 Ne4
34.Rf3 Rxf3 (34...Nd2!? 35.Qxd5 Qxd5? (35...Nf1+!) 36.Rxe3) 35.exf3 Nd2 36.Qd1
{MT: needs to cover f3.} Nc4 (36...Rd3! {MT: JW showed this move after the
game. Keeps threatening f3 and there is not much White can do.}) 37.Qc1 Rd1
38.Qc2 Ne3 {MT: decisive.} 39.Qe4 Nxg2 40.h5 Qf5 41.Qe8+ Kh7 42.hxg6+ Qxg6
43.Qe2 Qh5+ 44.Kg3 Qh4+ 45.Kxg2 Qh1+ 46.Kg3 Rg1+ 47.Qg2 {MT: Kf2 would have
prolonged it.} Rxg2# 0-1

[Event "BCC Championship"]
[Site "BCC"]
[Date "2016.04.28"]
[Round "4"]
[White "Jamie Brotheridge"]
[Black "Kevin Perrin"]
[Result "0-1"]
[WhiteElo "1529"]
[BlackElo "1607"]

1.c4 Nf6 2.g3 e5 3.Nc3 Bc5 4.Bg2 O-O 5.e3 Nc6 6.a3 a6 7.Nge2 Rb8 8.b4 Be7 9.d4
exd4 10.exd4 d6 11.O-O Bg4 12.Qc2 Qd7 13.Be3 Rfe8 14.Nf4 Bf5 15.Qd1 Ng4
16.Nfd5 {the computer like this move 0.29} Nxe3 17.fxe3 Bg5 {e4 0.9} 18.Qf3
Bd3 {rook f2 -0.11} 19.Qh5 {queen h5 is the losing move -+ 1.98 black is
winning} Bxe3+ 20.Nxe3 Rxe3 21.Qg5 Bxf1 22.Qxe3 Bxc4 23.Re1 Kf8 24.Qd2 Re8
25.Rd1 Qg4 26.d5 Ne5 27.Qf2 Nd3 {the good thing is l was not worrying about
the clock like lm usually am and l was the one in time
trouble} 28.Rxd3 Bxd3 {it was a good night thanks everyone for being quite
good work keep it up unfortunately ll think my good chess playing has come to
an end l just cant concentrate anymore the problem is l get bored with long
games and thats where l start to full apart dont forget l was in a hit and run
accident and just about died l have a bit of brain damage because of the hit
and run accident it happened in philip island when l was 15 years old anyway
congratulationa kevin l will be back next year out to get you hahahha lol lets
see if l can make it 5 in a row ha rob baliey l have something in store for
you im having a organic red wine now lm going to drown my sorrows} {#R} 0-1

[Event "BCC Championship"]
[Site "BCC"]
[Date "2016.04.28"]
[Round "4"]
[White "Michael Tausz"]
[Black "Patrick Cook"]
[Result "1-0"]
[WhiteElo "1433"]
[BlackElo "1669"]

1.e4 e6 2.Qe2 {MT: I played this against PC before - and lost quickly. But I
did not think it was the opening's fault, so I try again.} Nf6 3.g3 d5 4.d3
Be7 5.Bg2 O-O 6.Nf3 c5 7.O-O Nc6 8.c3 b6 9.Rd1 Bb7 10.e5 Nd7 11.d4 Rc8 {MT:
Black is first on the c-file, but I think White is fine here. I planned to get
a rook to c1 soon if needed.} 12.Be3 cxd4 13.cxd4 Nb4 14.Nc3 Ba6 15.Qd2 {MT: I
worried about some annoyance by Nd3, but it seems that after a3 the knight
would have no way out.} f6!? {MT: The "!?" was awarded by PC. Trying to get
rid of White's centrepawns. I was not unhappy to see it, as it seems to weaken
Black's castle as well as e6. Can White get to it?} 16.a3 Nc6 17.Bh3! {MT: The
"!" was given by PC. I was proud of this move at the time, as the bishop tries
to sneak onto its preferred diagonal the roundabout way. But the followup I
had planned upon 17...f5 does not lead to anything, so this move may not be so
good after all.} fxe5? {MT: PC gave this move the "?", and I agree. It loses a
pawn for no real return.} (17...f5 18.Bg5 Bxg5 19.Nxg5 {MT: That's what I
thought, and thought it is also good for White, but I had not appreciated the
next move.} Nxd4! {MT: now White is a pawn down and has to wiggle back. The
Nd4 aims at b3 or Nf3+ after chasing away Ng5, so the exchanges are rather
forced.} 20.Qxd4 Qxg5 21.Nxd5! {MT: saves the pawn.} Nc5 (21...exd5? 22.Qxd5+
Kh8 23.Qxd7) 22.Qe3 Qxe3 23.Nxe3 {MT: I like Black better here, but maybe just
equal?}) 18.Bxe6+ Kh8 19.Bxd5 {MT: I like this. Wins a pawn and protects Nf3
the backway.} exd4 20.Bxd4 Nxd4 21.Nxd4 {MT: Ne6 and Nc6 are threats.} Rf6
22.Ne6 Qe8 23.Ne4 Rxe6!? {MT: I was surprised by this exchange sac, but also
happy with my position before the sac. PC gave it the "!?". It might well have
worked if not for a later miss (move 29 maybe).} 24.Bxe6 Ne5 {MT: Threatening
Nf3+.} 25.Qd5 {MT: Given the option at move 29, maybe Qf4 better?} Nf3+ 26.Kg2
Rd8 27.Qf5 Nd4 28.Qf7 Qxf7 (28...Nxe6? 29.Rxd8 {MT: one can hope...}) 29.Bxf7
{MT: Pretty much forced until here.} Bb7?! {MT: During the game I worried
about 29..Be2. Looking at it in peace, I can still not see a good way to hang
on to the exchange after that move.} (29...Be2! {MT: With all kinds of forks
at c2 and b3 and bishop checks at f3 I can't see how to hold on to the
exchange. So RxNe4 seems best, but this leaves not much of an advantage.
Black's creative exchange sac seemed to have been good!} 30.Rxd4 Rxd4 31.Nc3
Ba6 32.Re1 {MT: etc.}) 30.f3 Nc2 (30...Nxf3? 31.Kxf3 Rf8 {MT does not work
because of the zwischenzug 30.RxR+}) 31.Rxd8+ Bxd8 32.Rc1 Ne3+ 33.Kf2 Nf5
34.Be6 Nd4 35.Nd6 {MT: White is happy to exchange.} Nxe6 36.Nxb7 Be7 37.Rc8+
Nf8 38.Nd8?! {MT: I liked this move for "aesthetic" reasons, but those are not
good reasons for deciding on candidate moves! I was also certain that I get
another pawn after the exchanges, so it was still enough to win. Still,
38...Re8 was actually much better, as the bishop has nowhere to go!} (38.Re8!
Bxa3 39.bxa3 Kg8) 38...Kg8 39.Ne6 Kf7 40.Nxf8 Bxf8 41.Rc7+ Ke6 42.Rxa7 {MT:
Forced until here. I am pretty sure White is winning (not that I dared to
believe it yet!).} b5 43.Rb7 {MT: Not falling for ...Bc5+} b4 44.Rxb4?! {PC:
unnecessary...but still winning!
MT: Maybe unnecessary, but I am pretty sure it is the easiest way. Eliminates
any annoying fork or whatever Black can try with the bishop. The pawn endgame
is easily won, as there will be a passed pawn on the right, and there are two
pawns to the left. No way the black King can stop them all.} Bxb4 45.axb4 Kd5
46.b5 Kc5 47.b6 Kxb6 48.Ke3 Kb5 49.f4 g6 50.g4 Kc5 51.Ke4 Kd6 52.f5 Ke7 53.Ke5
Kf7 54.b4 gxf5 55.gxf5 Ke7 56.b5 {#r} 1-0

[Event "BCC Championship"]
[Site "BCC"]
[Date "2016.04.28"]
[Round "4"]
[White "Ben Naughton"]
[Black "Robert Bailey"]
[Result "0-1"]
[WhiteElo "1421"]
[BlackElo "1569"]

1.e4 c5 2.Nf3 d6 3.c4 {This came as a surprise as I was intending to play a
regular Najdorf based upon Ben's previous games in the sicilian against the
dragon. In all honesty, I have had difficulty with similar Maroczy bind themes
in the past, so the choice was a good one.} Nc6 4.d4 cxd4 5.Nxd4 g6 {Switching
to a dragon structure; perhaps an earlier e5 is the better approach, I'll have
to research it some more!} 6.Be3 Bg7 7.Nxc6 bxc6 8.Bd4 Nf6 9.f3 O-O 10.Bd3 c5
11.Bc3 Rb8 {Only pseudo-active really, but I was struggling now to find
concrete plans. Ben does very well to nullify many of my ideas in the
position.} 12.Qd2 Qb6 13.b3 Bb7 14.O-O Rfe8 {Going for a flawed plan of slowly
inching forward with e6 and d5, dreaming of the discovery of c4+. Not going to
happen!} 15.Na3 e6 16.Qb2 {A nice move by Ben which I'd overlooked. Rad1
aiming at the weak d6 pawn looks feasible as well. After I close the diagonal,
some messy chess ensues.} e5 17.Qd2 Qc6 18.Rfc1 {I like Rad1 for white here;
black is very aware of the d6 weakness and the gaping hole on d5 which
practically beckons the white knight to go from c2, e3 and into the previously
mentioned (un)happy place.} Nh5 {Aiming to install a "Jacobsean Knight" on f4
(in Rod's honour!) but also going for another flawed plan of the f5 pawn
break. White stops the first threat.} 19.g3 Bc8 {A bit dodgy looking! Again,
I'm struggling to find other concrete ideas that make sense in this position.}
20.Nc2 f5?! 21.Ne3 {exf5 seems to give white an edge. After Bxf5, Bxf5, gxf5,
white can go Ne3 and into d5 the following move. I saw this line but was
anticipating some compensation in the f4 push and open g file.} f4 22.Nf1 fxg3
23.Nxg3 {Maybe hxg is better, guarding f4 and stopping my knight's plan in its
tracks.} Nf4 24.Ne2 Bh6 {Saying peek-a-boo to white's queen! But more
importantly, envisaging winning the exchange.} 25.Nxf4 Bxf4 26.Qg2 {I spent a
long portion of time here attempting to weigh up the positional consequences
of taking the exchange given that white has the dark squared bishop and the
potential to control the squares around my king.} Bxc1 27.Rxc1 Rf8 28.Kf2 Be6
29.Qg5 Qd7 {The immediate doubling of rooks may be a better plan.} 30.Rg1 Qf7
31.Rg3 Qf6 {Seeking to simplify} 32.Qh6 {White adamantly says no!} Rb7 33.Bd2
Rbf7 34.Be2 Qe7 35.Qe3 Qh4 {This phase of the game was quite subtle as I was
probing for targets and further simplification. In so doing, I used far too
much time poking around until I found the idea of going for the e4 pawn.}
36.Kg2 Qe7 37.Be1 Rf4 38.Bf2 Bd7 39.Kf1 Bc6 40.Rg2 Qe6 41.Kg1 Qf6 {Attractive
and enticing to play, but not very good. Bg3 now looks like it would slow down
the primitive initiative and force a long line with Rxf3, Bxf3 and a queen
exchange where black ends up only a pawn up.} 42.Rg3? {Removing a key defender
from f2, allowing black's only tactical idea in the position to come to
fruition. Ben had played very well and defended stubbornly to this point and I
was now down to around 5 minutes where accuracy was essential.} Bxe4 43.Kg2
Bb7 44.Be1 e4 45.Kf2 exf3 46.Bc3 fxe2+ 47.Kxe2 Rf2+ 48.Kd1 Qf5 49.Qd3 Rf1+
{The end of a very tense final phase where I had to work very hard to keep the
advantage. It's always tricky when you've got to play someone for the very
first time in a championship as there are many variables at play.  This theme
will continue with games with Jeremy and Michael still to come. Thanks again
to Ben for the game, look forward to many more.} {#R} 0-1

[Event "BCC Championship"]
[Site "BCC"]
[Date "2016.04.28"]
[Round "4"]
[White "Jeremy Lim"]
[Black "Rodney Jacobs"]
[Result "0-1"]
[WhiteElo "1520"]
[BlackElo "1659"]

1.c4 Nf6 2.Nc3 e6 3.g3 d5 4.cxd5 exd5 5.d4 c6 6.Bg2 Bd6 7.e3 Bg4 8.Nge2 Qd7
9.O-O Na6 {With fantasies of castling long and pushing the h pawn. But White's
accurate, forceful play from this point, creating a strong, fluid centre, puts
paid to that idea.} 10.a3 Nc7 11.f3! {Odd looking, but Deep Shredder says is
best. (RJ)} Bh3 12.e4 Bxg2 13.Kxg2 dxe4 14.fxe4 Be7 15.Be3 O-O 16.Qc2 Ng4
17.Bg1 Rad8 18.Rad1 Bg5 19.Nf4 Bxf4 20.Rxf4 Nf6 21.Be3 {Deep Shredder prefers
Rf3} Ng4 22.Bc1 Rfe8 23.Rdf1! {Acccording to analysis by Deep Shredder, white
has built up a .79 advantage without any real error by black. (RJ)} Nf6 24.e5
Ncd5? {Nfd5 was necessary. But black's of course in trouble anyway (RJ)}
25.exf6 {According to Deep Shredder, Rh4 was even stronger (RJ)} Nxf4+ 26.Rxf4
Re1? {g6 is better (although black is lost) - Deep Shredder (RJ) At least this
complicates things a little.} 27.Rh4 g6 28.Qd2 Qe6 29.Qh6 {Devastating, but
Deep Shredder and the analysis program on Microbase say Ne4 is best. (RJ)}
Re2+? {Qxf6 is best, while still clearly lost. Black doesn't in fact have a
perpetual check (RJ)} 30.Nxe2?? {Weirdly, and as was missed by both of us on
post-game analysis, this was White's critical error. Necessary is 30. Kg1!
(Deep Shredder) There follows 30......Re1ch  31. Kf2 and there is no perpetual
(RJ)} Qxe2+ {Now black has a perpetual} 31.Kh3?? {Turning a win to a draw to a
loss. The king must now go to g1 (RJ)} Qf1+ 32.Kg4 Qf5# {All very unfortunate
for Jeremy after outplaying me throughout. (RJ)
Thanks for the analysis Rod. Lost focus after making the first blunder. A good
lesson. (JL)} 0-1

[Event "BCC Championship "]
[Site "BCC"]
[Date "2016.05.05"]
[Round "5"]
[White "Harrison Harrison"]
[Black "James Watson"]
[Result "0-1"]
[WhiteElo "1706"]
[BlackElo "1802"]

1.c4 Nf6 2.d4 c5 3.d5 b5 4.cxb5 a6 5.bxa6 Bxa6 6.g3 d6 7.Bg2 g6 8.Nf3 Bg7
9.O-O O-O 10.Nc3 Nbd7 11.Re1 Qa5 12.e4 Ng4 13.Bd2 Rfb8 14.Na4 Qc7 15.Rb1 Bb5
16.b3 Bxa4 17.bxa4 Rxb1 18.Qxb1 Rxa4 19.Qb3 Qa7 20.Rb1 c4 21.Qb5 Nxf2 22.Rf1
Nxe4+ {the knight on f3 prevents a smothered mate (JW)} 23.Kh1 Rxa2?! {I
overlooked whites response here thinking that if white tried to target f7 it
would be via e8 not f4. Instead ...Nxd2 seems better (JW)} 24.Qxc4! Nxd2
25.Nxd2 Ne5 {Taking the knight seemed unnecessarily dangerous. 25...Nxd2
26.Qf4 Bc3 27.Qxf7 Kh8 28.Qe8+ Kg7 is playable bu leaves alot of room to make
mistakes. (JW)} 26.Qc8+ Bf8 27.Nb3 Qe3 28.Nc1 Rd2 29.Qh3 h5 {...Rc2 wuld have
won he knight, but this is also plenty strong (JW)} 30.Qh4 Rd4 31.Qh3 Ng4
32.Ne2 Qxe2 33.Bf3 Nf2+ 34.Kg2 Qxf1+ 35.Kxf1 Nxh3 36.Kg2 Ng5 37.h4 Rd2+ 38.Kh1
Nxf3 39.g4 Rh2# 0-1

[Event "BCC Championship"]
[Site "BCC"]
[Date "2016.05.05"]
[Round "5"]
[White "Rodney Jacobs"]
[Black "Michael Tausz"]
[Result "1-0"]
[WhiteElo "1659"]
[BlackElo "1433"]

1.e4 e5 2.Nf3 Nc6 3.Bc4 Bc5 4.b4 {Honour bound! Both Michael & I are fond of
the Evans Gambit. In last year's Teters he (as black) beat  me in an Evans
(RJ)} Bxb4 5.c3 Ba5 {The alternative is Be7, According to Harding & Botterill
in their book 'The Italian Game', Ba5 is the reply most likely to test the
soundness of the Evans. (RJ)} 6.Qb3!? {Recommended by Harding & Botterill. A
divergence from the usual d4, It forces black to deal with the immediate issue
of f7. It also has the advantage of taking the game down quite specific lines,
which are fairly easy to remember. A disadvantage is that in some lines black
can rid himself of the menacing white bishop by Na5, forking the queen and
bishop. (RJ)} Qf6 {The alternative is Qe7, which invites the awkward Ba3 (RJ)}
7.O-O {Not d4, which allows black to simplify by Nxd4 - Harding & Botterill
(RJ)} Bb6 {Book} 8.d4 {Also book. (RJ)} Na5?! {Not the best move. But not as
bad as we both  thought it was! In post-game analysis we assumed 9. de5  Nxb3 
10. ef  Nxb3  11 fg  Nxa1  12. gh.  But Deep Shredder indicates that after
9....Qg6 or even 9....Qxf3 the position is even. However after the book move
ed (better than d6) it believes Black has a .7 advantage - i.e. its view is
that this whole line is slightly unsound for White, but that Na4 gives up
Black's advantage!
In our last game, Michael played 8........d6, after which followed 9. Bg5  Qg6
10. Bd3?  Bg4  11. Nbd2  Nf6 and Black is better. (RJ)} 9.dxe5 Qg6 {Again.
Qxf3 wasn't bad. Deep Shredder states the position is now even. White's pawns
are doubled and isolated. But Black is seriously behind in development and it
will be hard for him to catch up. (RJ)} 10.Qa4 Nxc4 11.Qxc4 Qc6 12.Qd3
{Obviously wanting to keep the queens on. Also hoping to embarrass the Black
queen at some point with minor pieces. (RJ)} Ne7 13.Nd4 Bxd4? {Probably the
key mistake. Brings together White's isolated pawns and gives him a strong
centre. Deep Shredder gives White only a small initiative after Qg6 (RJ)}
14.cxd4 O-O {b5 is an alternative (Deep Shredder (RJ)} 15.Ba3 Re8 {Deep
Shredder gives d6 (RJ).} 16.Nc3 {Deep Shredder prefers 16. Bxe7  Rxe7 and then
17 Nc3, taking advantage of the awkward position of the rook. (RJ)} d5 17.exd6
cxd6 18.Rac1 Ng6 {Deep Shredder indicates Bd7 offers more resistance. (RJ)}
19.Nd5 Qd7 {Qa4 is better} 20.Nc7 Qe7 21.Qg3? {Overly cautious} Qxe4 22.Nxa8
Nf4 23.Rce1 {Best (RJ)} Ne2+ {Of course if Qxe1, Qxf4 (RJ)} 24.Rxe2 Qxe2
25.Nc7 Rd8 26.Qe3 {Wanting to get those queens off! (RJ)} Qxe3 {Not 25....Qxa2
26 Qe7 (RJ)} 27.fxe3 Rd7 28.Nb5 a6 29.Rc1 {#r} 1-0

[Event "BCC Championship"]
[Site "BCC"]
[Date "2016.05.05"]
[Round "5"]
[White "Robert Bailey"]
[Black "Jamie Brotheridge"]
[Result "0-1"]
[WhiteElo "1569"]
[BlackElo "1529"]

1.e4 d6 2.d4 g6 3.c4 Bg7 4.Nc3 Nf6 5.Nf3 c6 6.Be2 O-O 7.O-O d5 8.cxd5 cxd5
9.e5 Ne4 {knight take e4 + 0.75} 10.Qb3 e6 11.Be3 Nxc3 12.bxc3 Nc6 {fritz11 is
saying h4} 13.c4 {l dont like this move} Na5 14.Qc3 dxc4 15.Bxc4 Qc7 16.Rfc1
Nxc4 17.Qxc4 Qxc4 18.Rxc4 Bd7 19.Nd2 Rfc8 20.Rac1 Bc6 {a dubious move l wanted
to keep the rooks on the bored} 21.f3 Rd8 22.Ne4 Rd5 23.Bg5 Ra5 24.R4c2 h6
25.Be7 Ra4 26.Rd1 Ra5 27.Rb2 Bd5 28.Nc3 b6 {bb4 0.44} 29.Nxd5 {bad move} Rxd5
30.f4 Rc8 31.Kf2 Rc3 32.Bb4 Rc4 33.Bd6 {bd6? rob fail a sleep} Rcxd4 34.Rxd4
Rxd4 35.Ke3 {rb4-.1.20was the move now king e3 is loseing -+[5.16] he fail
asleep again he was low on time} Rxd6 36.exd6 Bxb2 {yummy} 37.Kd3 Kf8 38.Kc4
Ke8 {good game rob better luck next time its the battle of the loser next
round maybe there should be a prize for the loser a bottle of wine why so he
can drown hes sorrows lol} {#R} 0-1